Проклятието Кенеди (Запис номер 112231)
[ съкратено ]
| 000 -Лидер | |
|---|---|
| Контролно поле с фиксирана дължина | 01879nam a2200409 c 4500 |
| 003 - Код на организацията, давaща контролен номер | |
| Контролно поле | BLK |
| 005 - Дата и час на последна редакция | |
| Контролно поле | 20240724122701.0 |
| 008 - Елементи от данни с фиксирана дължина | |
| fixed length control field | 180409b bul|||||r ||||||| ||bul|| |
| 010 ## - Наследен системен номер | |
| LC control number | KNG00117594000 |
| 020 ## - Международен стандартен номер на книга ISBN | |
| Международен стандартен номер на книга ISBN | 954-649-895-5 |
| -- | издат.: Сиела Софт енд Паблишинг - ISBN-10 |
| 020 ## - Международен стандартен номер на книга ISBN | |
| Международен стандартен номер на книга ISBN | 978-954-649-895-3 |
| -- | издат.: Сиела Софт енд Паблишинг - ISBN-13 |
| 040 ## - Източник на каталожния запис | |
| Идентификатор на билиотеката - собственик на записа | BLK |
| 041 ## - Код за език | |
| Код за езика на текст/звукозапис или на отделно заглавие | Български |
| Код за езика КДБФ | Български |
| 080 ## - УДК | |
| Текстов определител УДК | Отделни родове. Фамилии. История на родовете |
| УДК код - определител по УДК | 929.52 |
| УДК определител | (73)Кенеди |
| УДК - код + определител | 929.52(73)Кенеди |
| 080 ## - УДК | |
| Текстов определител УДК | Политика. Вж и 341 ; 342 |
| УДК код - определител по УДК | 32 |
| УДК определител | (73)(092) |
| УДК - код + определител | 32(73)(092) |
| 080 ## - УДК | |
| Текстов определител УДК | Биографии |
| УДК код - определител по УДК | 929 |
| УДК определител | (73) |
| УДК - код + определител | 929(73) |
| 100 1# - Редна дума - Автор | |
| Автор | Клайн, Едуард Ханс |
| Авторска отговорност | първи автор |
| R(LIN) | 312463 |
| 139 ## - Редно поле | |
| Редна дума | Клайн, Едуард |
| Авторски знак | Кел - К 50 |
| 245 10 - Сведения за заглавието | |
| Заглавие | Проклятието Кенеди |
| Подзаглавни данни | Трагедията на първото семейство на Америка, която продължава повече от 150 г. |
| Редно поле (дума) | Едуард Ханс Клайн; прев. от англ. Емил Войников. |
| 257 ## - Страна на издаване | |
| Страна на създаване/издаване | Съединени американски щати |
| 260 ## - Област на издателските данни | |
| -- | София |
| Име на издателя, разпространителя и проч. | Сиела Софт енд Паблишинг |
| Година на издаване | 2006 |
| 300 ## - Физическа характеристика | |
| Страници | 260 с., 8 л. сн. |
| Размери/Мащаб | 21 см |
| 380 ## - Жанр | |
| Жанр | История |
| 500 ## - Общи забележки | |
| Забележка | Ориг. загл. The Kennedy curse / Edward Klein |
| 650 #4 - Допълнително описание по предмет – тема | |
| Основно описание – тема или топоним | Президенти - САЩ |
| 9 (RLIN) | 247820 |
| 650 #4 - Допълнително описание по предмет – тема | |
| Основно описание – тема или топоним | Политици, американски |
| 9 (RLIN) | 242316 |
| 653 ## - Ключова дума – ненормативна | |
| Ключова дума | фамилии |
| 653 ## - Ключова дума – ненормативна | |
| Ключова дума | семейство |
| 653 ## - Ключова дума – ненормативна | |
| Ключова дума | американски политици |
| 700 1# - Други автори (авторска отговорност) | |
| Лично име | Войников, Емил |
| Автороска отговорност (Описва отношението между автора и произведението) | прев. от англ. |
| 9 (RLIN) | 312464 |
| 852 ## - Местоположение | |
| Форматна сигнатура | Цб 227060 |
| 856 4# - Електронен адрес и достъп | |
| Електронен формат | pdf - файл |
| Път до файла /url/ | |
| 856 4# - Електронен адрес и достъп | |
| Електронен формат | pdf - файл |
| Път до файла /url/ | |
| 942 ## - АРТИКУЛИ | |
| Вид на библиотечния материал | Книги |
| Скрит в OPAC | Не |
| Koha issues (borrowed), all copies | 14 |
| 944 ## - СЪЗДАВАНЕ И РЕДАКЦИЯ на ЗАПИСА | |
| Създаване/Редакция | Създаване |
| Дата на регистрацията/редакция | 02.05.2006 |
| Служител, извършил регистрацията/редакцията | 30530 |
| Статус, дата на статуса | Минев Младен |
| 944 ## - СЪЗДАВАНЕ И РЕДАКЦИЯ на ЗАПИСА | |
| Създаване/Редакция | Редакция |
| Дата на регистрацията/редакция | 28.06.2007 |
| Служител, извършил регистрацията/редакцията | |
| 999 ## - СИСТЕМНИ КОНТРОЛНИ НОМЕРА | |
| Koha biblionumber | 112231 |
| Koha biblioitemnumber | 112231 |
| Код за отписване | Код за изгубен артикул | Източник на класификационната схема | Код за повреда | Коз за рестрикции | Код за отдаване | Артикулен № | Име на библиотеката - собственик | Име на библиотеката, в която се намира в момента | Статус (Текущо местоположение) | Дата на вписване в системата | Местоположение - отдел | Цена в лева | Инвентарен номер | Систематично азбучна сигнатура | Баркод | Номер на екземпляра | Цена в евро | Служебна бележка | Служебен тип на артикула |
|---|---|---|---|---|---|---|---|---|---|---|---|---|---|---|---|---|---|---|---|
| Не е изгубен | Universal Decimal Classification | Не е повреден | без рестрикции | заемане за дома | 179999 | Регионална библиотека "Любен Каравелов" Русе | Регионална библиотека "Любен Каравелов" Русе | Заемна - подръчен фонд | 2006-04-28 | Заемна - подръчен фонд | 9.00 | 120000701542 | 929/К 50 Е | 120000701542 | 1 | 4.60 | Дост: Pk Вид: Ф N: 5 Дата: 28.04.2006 Дата инв: 07.02.2018 Бележки инв: П2018 | Книги | |
| Не е изгубен | Не е повреден | без рестрикции | ползва се в читалня | 180000 | Регионална библиотека "Любен Каравелов" Русе | Регионална библиотека "Любен Каравелов" Русе | Хранилище | 2007-05-07 | Хранилище | 9.00 | 120000713181 | Цб 227060 | 120000713181 | 2 | 4.60 | Дост: Dp Вид: Д N: 47 Дата: 25.10.2006 | Книги | ||
| Не е изгубен | Universal Decimal Classification | Не е повреден | без рестрикции | заемане за дома | 180001 | Регионална библиотека "Любен Каравелов" Русе | Регионална библиотека "Любен Каравелов" Русе | Заемна - подръчен фонд | 2007-06-25 | Заемна - подръчен фонд | 9.00 | 120000714871 | 929/К 50 Е | 120000714871 | 3 | 4.60 | Дост: Pk Вид: Ф N: 5884 Дата: 20.06.2007 Дата инв: 07.02.2018 Бележки инв: П2018 | Книги |